| 000 | 01462nam a2200289Ia 4500 | ||
|---|---|---|---|
| 005 | 20220317001202.0 | ||
| 008 | 160825s2007 ck g 000 0 spa | ||
| 020 | _a9580471347 | ||
| 100 | 1 |
_aMejía Vallejo, Manuel _d1923-1998 |
|
| 245 | 1 | 0 |
_aCuentos de zona tórrida _cManuel Mejía Vallejo |
| 250 |
_a2a. edición _b1a. reimpresión |
||
| 300 |
_a168, 46 páginas (En paginación variada) _c21 cm |
||
| 490 | _aCara y cruz | ||
| 505 | _aPalo caído -- Luna de media noche -- Cortina de humo -- Cielo cerrado -- La muerte de Pedro Canales -- Tiempo de sequía -- Al pie de la ciudad -- Una canoa baja el Orinoco -- La venganza -- Mercedes Luna -- El milagro -- La guitarra -- El sillón del forastero -- Miedo | ||
| 600 | 1 | 4 |
_aMejía Vallejo, Manuel _d1923-1998 _xCrítica e interpretación _967352 |
| 650 | 1 | 4 |
_2LEMB _aCuentos colombianos _ySiglo XX |
| 650 | 1 | 4 |
_2LEMB _aLiteratura colombiana _ySiglo XX |
| 650 | 1 | 4 |
_2LEMB _aViolencia en la literatura |
| 740 | 0 | 2 |
_aLuna de media noche _aCortina de humo _aCielo cerrado _aLa muerte de Pedro Canales _aTiempo de sequía _aAl pie de la ciudad _aUna canoa baja en el Orinóco _aLa venganza _aMercedes Luna _aEl milagro _aLa guitarra _aEl sillón del forast |
| 942 |
_2loc _cBKLIT |
||
| 264 |
_aBogotá _bNorma _c2007 |
||
| 336 |
_atexto _btxt _2rdacontent |
||
| 337 |
_asin mediación _bn _2rdamedia |
||
| 338 |
_avolumen _bnc _2rdacarrier |
||
| 040 |
_aCO-BoRNBP _bspa _erda _cCO-BoRNBP |
||
| 084 | _aC MEJ4 | ||
| 999 |
_c6178 _d6178 |
||